000 00625nam a2200205Ia 4500
003 GCL
008 140319s9999 xx 000 0 ara d
020 _a9418902977
040 _aGCL /
_cGCL
082 0 4 _a810.8
_bم خ
100 1 _aمصطفى محمود
245 1 0 _aالخروج من التابوت /
_cمصطفى محمود
260 _aالقاهرة :
_bدار المعارف ،
_c1993
300 _a126 ص ؛
_c18 سم
490 _aالهيئة العامة للاستعلامات
_v0
650 0 4 _aالادب العربى
650 0 4 _aالقصص
650 0 4 _aالقصة العربية
942 _2ddc
_cBK
999 _c48768
_d48768